|
|
|
|
| LEADER |
00000nab a2200000 ar4500 |
| 001 |
vtls010033973 |
| 003 |
SK-MaSNL |
| 005 |
20260303114528.0 |
| 008 |
091221c2009 xo wr|p|||||||000 b|slo |
| 038 |
|
|
|a PPPK
|
| 040 |
|
|
|a PPPKCL
|b slo
|c PPPKCL
|e AACR2
|
| 041 |
0 |
|
|a slo
|
| 044 |
|
|
|a xo
|c SK
|
| 080 |
|
|
|a 634.8
|2 2001
|
| 080 |
|
|
|a 663.2
|2 2001
|
| 080 |
|
|
|a 398.332.34
|2 2001
|
| 245 |
0 |
0 |
|a Batizovské vinobranie
|c [text a foto] (plk)
|
| 300 |
|
|
|b Fotogr.
|
| 650 |
0 |
7 |
|a vinohradníctvo
|2 pppkcl
|9 1657
|
| 650 |
0 |
7 |
|a vinárstvo
|2 pppkcl
|9 1656
|
| 650 |
0 |
7 |
|a vinobranie
|2 pppkcl
|9 19548
|
| 650 |
0 |
7 |
|a zvyky a obyčaje
|2 pppkcl
|9 4086
|
| 651 |
|
7 |
|a Batizovce (Slovensko)
|2 pppkcl
|9 43411
|
| 651 |
|
7 |
|a Poprad (Slovensko : okres)
|2 pppkcl
|9 28675
|
| 773 |
0 |
|
|t Podtatranské noviny
|g Roč. IIL, č. 49 (2009), s. 3
|
| 852 |
|
|
|a PPPK
|b KIS3GCP
|
| 999 |
|
|
|c 1898721
|d 1900651
|